[Event "Gatineau CEH op"]
[Site "Gatineau CAN"]
[Date "2010.02.16"]
[Round "6"]
[White "Arsenault, Yves"]
[Black "MacIsaac, Alexandre"]
[Result "0-1"]
[WhiteElo "1559"]
[BlackElo "1516"]
[PlyCount "92"]
[EventDate "2010.01.12"]
[EventType "swiss"]
[EventRounds "7"]
[EventCountry "CAN"]
[Source "ChessBase"]
[SourceDate "2011.11.26"]

1. e4 c5 2. Nf3 e6 3. c4 Nc6 4. Nc3 d6 5. Be2 Nf6 6. O-O Be7 7. d3 O-O 8. h3
Bd7 9. Be3 a6 10. Re1 Qc7 11. Qd2 Rfb8 12. b3 b5 13. Rab1 Rb7 14. d4 b4 15. Nd1
Nxe4 16. Qd3 Nf6 17. dxc5 dxc5 18. Bg5 h6 19. Bh4 Be8 20. Bg3 Qd8 21. Qe3 Nd4
22. Bd3 Nxf3+ 23. Qxf3 Rd7 24. Nb2 Raa7 25. Rbd1 Bd6 26. Bxd6 Rxd6 27. Na4 Bxa4
28. bxa4 Rad7 29. Re3 e5 30. Rxe5 Rxd3 31. Rxd3 Rxd3 32. Qe2 Rd1+ 33. Kh2 Qd6
34. g3 Rd2 35. Qe3 Rxf2+ 36. Qxf2 Qxe5 37. a5 Ne4 38. Qg2 Qxg3+ 39. Qxg3 Nxg3
40. Kxg3 g5 41. Kg4 Kg7 42. Kf5 f6 43. Ke6 h5 44. Kd6 g4 45. hxg4 hxg4 46. Kxc5
g3 0-1

[Event "Gatineau CEH op"]
[Site "Gatineau CAN"]
[Date "2010.02.16"]
[Round "6"]
[White "Beland, Guy"]
[Black "Lacourse, Guy"]
[Result "0-1"]
[WhiteElo "1408"]
[BlackElo "1676"]
[PlyCount "60"]
[EventDate "2010.01.12"]
[EventType "swiss"]
[EventRounds "7"]
[EventCountry "CAN"]
[Source "ChessBase"]
[SourceDate "2011.11.26"]

1. e4 c5 2. f4 d5 3. exd5 Qxd5 4. Nc3 Qd8 5. Nf3 Bg4 6. Be2 Nc6 7. O-O Nf6 8.
d4 Nxd4 9. Be3 Nxe2+ 10. Qxe2 a6 11. Bxc5 Qc7 12. Be3 b5 13. Rad1 Be6 14. Ne5
Rc8 15. a3 Bc4 16. Nxc4 Qxc4 17. Rd3 e6 18. b3 Qc6 19. Rfd1 Be7 20. R1d2 O-O
21. Kh1 Bxa3 22. Bd4 Be7 23. Bxf6 Bxf6 24. Ne4 Be7 25. Ng5 Bxg5 26. fxg5 f6 27.
Rd6 Qc3 28. Qxe6+ Kh8 29. gxf6 gxf6 30. Qe7 Rce8 0-1

[Event "Gatineau CEH op"]
[Site "Gatineau CAN"]
[Date "2010.02.16"]
[Round "6"]
[White "Danilov, Alex"]
[Black "Menard, Marc"]
[Result "1-0"]
[WhiteElo "1824"]
[BlackElo "1576"]
[PlyCount "79"]
[EventDate "2010.01.12"]
[EventType "swiss"]
[EventRounds "7"]
[EventCountry "CAN"]
[Source "ChessBase"]
[SourceDate "2011.11.26"]

1. Nf3 d5 2. g3 Nc6 3. Bg2 e5 4. d3 Nf6 5. O-O Bc5 6. Nbd2 O-O 7. a3 a5 8. c3
Re8 9. e4 Rb8 10. b4 axb4 11. axb4 Bf8 12. b5 Ne7 13. Nxe5 Ng6 14. Nxg6 hxg6
15. Re1 Bg4 16. f3 Bc8 17. e5 Nd7 18. d4 Nb6 19. Ba3 c6 20. Bf1 Ra8 21. Bxf8
Rxa1 22. Qxa1 Kxf8 23. bxc6 bxc6 24. Qa5 f6 25. f4 Bf5 26. Qc5+ Kg8 27. Qxc6
Bd7 28. Qd6 Re6 29. Qb4 Qc7 30. Ra1 Rc6 31. Rc1 Bf5 32. h3 g5 33. Bb5 Re6 34.
g4 Bh7 35. f5 Re7 36. Qd6 Qxd6 37. exd6 Rb7 38. Bc6 Ra7 39. Rb1 Nc4 40. Bxd5+
1-0

[Event "Gatineau CEH op"]
[Site "Gatineau CAN"]
[Date "2010.02.16"]
[Round "6"]
[White "Gagnon, Fabien"]
[Black "Libersan, Mattieu"]
[Result "1/2-1/2"]
[WhiteElo "1942"]
[BlackElo "1779"]
[PlyCount "78"]
[EventDate "2010.01.12"]
[EventType "swiss"]
[EventRounds "7"]
[EventCountry "CAN"]
[Source "ChessBase"]
[SourceDate "2011.11.26"]

1. d4 Nf6 2. Nf3 e6 3. e3 d5 4. Bd3 c6 5. Ne5 Nbd7 6. f4 Be7 7. Nd2 O-O 8. O-O
c5 9. c3 Qc7 10. g4 Ne8 11. g5 g6 12. Qg4 Ng7 13. Ndf3 b6 14. Qh3 f5 15. gxf6
Nxf6 16. Ng5 Nf5 17. Bxf5 exf5 18. Rf3 Bd6 19. Rg3 Bxe5 20. dxe5 Ne4 21. Nxe4
fxe4 22. Qh6 Bf5 23. b3 d4 24. cxd4 cxd4 25. exd4 Qc2 26. Ba3 Rfc8 27. Qg5 Rc3
28. Rg2 Qd3 29. Qxf5 Qxd4+ 30. Kh1 Rxb3 31. Qe6+ Kg7 32. Qxb3 Qxa1+ 33. Rg1 Qd4
34. Bb2 Qf2 35. Qc3 Rc8 36. Qd4 Qf3+ 37. Rg2 Rd8 38. Qxd8 Qf1+ 39. Rg1 Qf3+
1/2-1/2

[Event "Gatineau CEH op"]
[Site "Gatineau CAN"]
[Date "2010.02.16"]
[Round "6"]
[White "Guimond, Michel"]
[Black "Desjardins, Michel"]
[Result "0-1"]
[WhiteElo "1970"]
[BlackElo "1959"]
[PlyCount "60"]
[EventDate "2010.01.12"]
[EventType "swiss"]
[EventRounds "7"]
[EventCountry "CAN"]
[Source "ChessBase"]
[SourceDate "2011.11.26"]

1. e4 d5 2. exd5 Qxd5 3. Nc3 Qd6 4. d4 Nf6 5. g3 Nc6 6. Nf3 Bg4 7. Be2 Bxf3 8.
Bxf3 O-O-O 9. O-O Nxd4 10. Bg2 e5 11. a4 Qc5 12. Be3 Qc4 13. Kh1 c6 14. Qc1 h5
15. Re1 h4 16. Bg5 hxg3 17. fxg3 Ng4 18. Bh4 Kb8 19. h3 Nf2+ 20. Kh2 f6 21. Qe3
Ng4+ 22. hxg4 Nxc2 23. b3 Qxg4 24. Qf2 Nxa1 25. Ne4 Bb4 26. Rxa1 Rd4 27. Qe3
Qe6 28. Rf1 Qd7 29. Bh3 Qd5 30. Kg1 Qxe4 0-1

[Event "Gatineau CEH op"]
[Site "Gatineau CAN"]
[Date "2010.02.16"]
[Round "6"]
[White "Jiang, Qizhe"]
[Black "Carriere, Stephen"]
[Result "1/2-1/2"]
[WhiteElo "1218"]
[BlackElo "1226"]
[PlyCount "61"]
[EventDate "2010.01.12"]
[EventType "swiss"]
[EventRounds "7"]
[EventCountry "CAN"]
[Source "ChessBase"]
[SourceDate "2011.11.26"]

1. e4 c5 2. Nf3 d6 3. d4 cxd4 4. Nxd4 Nf6 5. Nc3 a6 6. Bg5 e6 7. f4 Be7 8. Qf3
O-O 9. g4 e5 10. Nf5 Bxf5 11. gxf5 Nfd7 12. Rg1 Qb6 13. Bxe7 Qxg1 14. Bxf8 Kxf8
15. Qf2 Qxf2+ 16. Kxf2 exf4 17. Rd1 Ne5 18. Rxd6 Nbc6 19. Nd5 f3 20. f6 g5 21.
h3 h5 22. c3 g4 23. h4 Rc8 24. Nf4 Kg8 25. Nxh5 Kh7 26. Ng7 Rd8 27. Rd5 Kg6 28.
Rxd8 Nxd8 29. Nf5 Ne6 30. Kg3 Kxf6 31. Ne3 1/2-1/2

[Event "Gatineau CEH op"]
[Site "Gatineau CAN"]
[Date "2010.02.16"]
[Round "6"]
[White "Morel, Joseph"]
[Black "Jani, Louis"]
[Result "1-0"]
[WhiteElo "1076"]
[BlackElo "1427"]
[PlyCount "49"]
[EventDate "2010.01.12"]
[EventType "swiss"]
[EventRounds "7"]
[EventCountry "CAN"]
[Source "ChessBase"]
[SourceDate "2011.11.26"]

1. e4 c5 2. Nf3 d6 3. d4 cxd4 4. Nxd4 Nc6 5. c4 Nf6 6. Nc3 e6 7. a3 Qb6 8. Nxc6
bxc6 9. Be2 Be7 10. O-O O-O 11. b4 Bd7 12. Bf4 e5 13. Bg5 h6 14. Bxf6 gxf6 15.
c5 Qc7 16. cxd6 Bxd6 17. Rc1 Qb8 18. Bg4 f5 19. Bxf5 Bxf5 20. exf5 f6 21. Qg4+
Kh7 22. Qg6+ Kh8 23. Qxh6+ Kg8 24. Ne4 Be7 25. Rc3 1-0

[Event "Gatineau CEH op"]
[Site "Gatineau CAN"]
[Date "2010.02.16"]
[Round "6"]
[White "Rainey, Ivan"]
[Black "Berthiaume, Serge"]
[Result "1-0"]
[WhiteElo "1405"]
[BlackElo "1350"]
[PlyCount "61"]
[EventDate "2010.01.12"]
[EventType "swiss"]
[EventRounds "7"]
[EventCountry "CAN"]
[Source "ChessBase"]
[SourceDate "2011.11.26"]

1. d4 Nf6 2. c4 e6 3. Nc3 Bb4 4. Qc2 Nc6 5. e3 O-O 6. Nf3 b6 7. Be2 Bb7 8. Bd2
Bxc3 9. Bxc3 a5 10. O-O Ne7 11. d5 Ng6 12. dxe6 fxe6 13. b4 Ne4 14. bxa5 Nxc3
15. Qxc3 Rxa5 16. Rfd1 Bc6 17. Nd4 Qf6 18. f3 Bb7 19. Qd2 Ba6 20. Rdc1 Bb7 21.
Nb3 Rh5 22. Qxd7 Rf7 23. Qd2 Qh4 24. h3 Qg3 25. Rf1 Rxh3 26. Bd3 Qh2+ 27. Kf2
Rfxf3+ 28. Ke1 Rxe3+ 29. Be2 Qg3+ 30. Kd1 Qxg2 31. Qd8+ 1-0

[Event "Gatineau CEH op"]
[Site "Gatineau CAN"]
[Date "2010.02.16"]
[Round "6"]
[White "Scantland, Patrick"]
[Black "Groleau, Gilles"]
[Result "1-0"]
[WhiteElo "1759"]
[BlackElo "2022"]
[PlyCount "123"]
[EventDate "2010.01.12"]
[EventType "swiss"]
[EventRounds "7"]
[EventCountry "CAN"]
[Source "ChessBase"]
[SourceDate "2011.11.26"]

1. d4 Nf6 2. c4 e6 3. Nf3 Bb4+ 4. Nc3 b6 5. Qc2 Bb7 6. a3 Bxc3+ 7. Qxc3 O-O 8.
Bg5 h6 9. Bh4 d6 10. e3 Nbd7 11. Bd3 c5 12. O-O Re8 13. Nd2 e5 14. d5 g5 15.
Bg3 Qe7 16. Rae1 Rad8 17. Bf5 Nf8 18. f4 Nh5 19. Bf2 gxf4 20. exf4 Nxf4 21. Ne4
Bc8 22. Qg3+ Kh8 23. Bxc8 Rxc8 24. Be3 N8g6 25. Bd2 Rg8 26. Qc3 Rg7 27. g3 f5
28. Nf2 Rcg8 29. Kh1 Nh5 30. Qf3 Nf6 31. Qxf5 Rh7 32. Nh3 Nd7 33. Bc3 Qe8 34.
Nf4 Nxf4 35. Rxf4 Qg6 36. Qxg6 Rxg6 37. Ref1 Kg8 38. Rf5 Re7 39. Kg2 Kg7 40. h3
Rf6 41. g4 Ref7 42. Rxf6 Rxf6 43. Rxf6 Nxf6 44. Kf3 Kg6 45. Bd2 a6 46. b3 b5
47. h4 bxc4 48. bxc4 Nd7 49. Ba5 Nf6 50. a4 Kf7 51. Bd2 Kg6 52. a5 Nd7 53. g5
h5 54. Ke4 Nf8 55. Be3 Nd7 56. Bf2 Nf8 57. Bxc5 dxc5 58. Kxe5 Kf7 59. Kd6 Ng6
60. Kc7 Ne5 61. d6 Nxc4 62. d7 1-0

[Event "Gatineau CEH op"]
[Site "Gatineau CAN"]
[Date "2010.02.23"]
[Round "7"]
[White "Arsenault, Yves"]
[Black "Arsenault, Michel"]
[Result "0-1"]
[WhiteElo "1559"]
[BlackElo "1889"]
[PlyCount "88"]
[EventDate "2010.01.12"]
[EventType "swiss"]
[EventRounds "7"]
[EventCountry "CAN"]
[Source "ChessBase"]
[SourceDate "2011.11.26"]

1. e4 c5 2. Nf3 e6 3. Nc3 Nc6 4. d4 cxd4 5. Nxd4 a6 6. a3 Qc7 7. f4 d6 8. Be2
Nf6 9. Bf3 Be7 10. Be3 O-O 11. O-O Bd7 12. b4 Nxd4 13. Qxd4 e5 14. fxe5 dxe5
15. Qd3 Rac8 16. Bd2 Rfd8 17. Qe3 Be6 18. Rac1 Rxd2 19. Qxd2 Qxc3 20. Qd3 Qc6
21. Rf2 Bd8 22. Kh1 Bb6 23. Rd2 Bc4 24. Qd6 Be3 25. Qxc6 bxc6 26. Rcd1 Bxd2 27.
Rxd2 Kf8 28. g4 h6 29. h4 Ke7 30. g5 hxg5 31. hxg5 Ne8 32. Rf2 g6 33. Rd2 Rd8
34. Rh2 Nc7 35. a4 Ne6 36. Rg2 Rh8+ 37. Kg1 Nf4 38. Rd2 Rh3 39. Rf2 Rh4 40. Rd2
Nh3+ 41. Kg2 Nxg5 42. Kg3 Rh3+ 43. Kg4 Nxf3 44. Rf2 Be6# 0-1

[Event "Gatineau CEH op"]
[Site "Gatineau CAN"]
[Date "2010.02.23"]
[Round "7"]
[White "Berthiaume, Serge"]
[Black "Jiang, Qizhe"]
[Result "1/2-1/2"]
[WhiteElo "1350"]
[BlackElo "1218"]
[PlyCount "113"]
[EventDate "2010.01.12"]
[EventType "swiss"]
[EventRounds "7"]
[EventCountry "CAN"]
[Source "ChessBase"]
[SourceDate "2011.11.26"]

1. d4 Nf6 2. Nf3 g6 3. Nc3 Bg7 4. e4 d6 5. Be3 O-O 6. Bd3 e5 7. dxe5 dxe5 8.
Nxe5 Nxe4 9. Nxe4 Bxe5 10. c3 Bg7 11. Qd2 Bf5 12. O-O-O Be6 13. Kb1 Nc6 14. Bh6
Qd5 15. b3 Ne5 16. Bxg7 Kxg7 17. Qe3 Nxd3 18. Rxd3 Qc6 19. Rhd1 Bf5 20. Qd4+ f6
21. f3 Rfe8 22. Re1 Re7 23. g4 Rd8 24. Qe3 Bxe4 25. fxe4 Rxd3 26. Qxd3 Re8 27.
c4 Qc5 28. Rd1 Qe5 29. Rd2 Re7 30. Re2 Qf4 31. h3 f5 32. gxf5 gxf5 33. Rg2+ Kh6
34. Qd4 Qxe4+ 35. Qxe4 Rxe4 36. Kc2 Re3 37. h4 Rh3 38. Rg5 f4 39. Kd2 Rxh4 40.
Rf5 Kg6 41. Rf8 Kg5 42. Ke2 Kg4 43. Rg8+ Kf5 44. Rg7 h5 45. Rxc7 Ke4 46. Re7+
Kd4 47. Rxb7 Kc5 48. Rd7 Rh3 49. Rd5+ Kc6 50. Kf2 Rh2+ 51. Kf3 h4 52. Rf5 Rxa2
53. Kg4 Rb2 54. Kxh4 Rxb3 55. Rxf4 Rb4 56. Kg5 a5 57. Rf6+ 1/2-1/2

[Event "Gatineau CEH op"]
[Site "Gatineau CAN"]
[Date "2010.02.23"]
[Round "7"]
[White "Dagenais, Benoit"]
[Black "Danilov, Alex"]
[Result "1/2-1/2"]
[WhiteElo "1264"]
[BlackElo "1824"]
[PlyCount "109"]
[EventDate "2010.01.12"]
[EventType "swiss"]
[EventRounds "7"]
[EventCountry "CAN"]
[Source "ChessBase"]
[SourceDate "2011.11.26"]

1. g3 c5 2. Bg2 e6 3. Nf3 Nc6 4. d3 Nge7 5. b3 d5 6. O-O g6 7. Bb2 d4 8. e4 Bg7
9. Bc1 h6 10. Re1 g5 11. a4 O-O 12. Na3 e5 13. Nc4 Ng6 14. Ba3 b6 15. Kh1 Rb8
16. Qd2 a6 17. b4 cxb4 18. Bxb4 Nxb4 19. Qxb4 Be6 20. Nfd2 Re8 21. Reb1 Bf8 22.
Qb2 Bc5 23. Qc1 Qc7 24. Qd1 Rec8 25. Qh5 Bf8 26. Bh3 Qd7 27. Nxb6 Rxb6 28. Rxb6
Bxh3 29. Nc4 Bg4 30. Rxg6+ fxg6 31. Qxg6+ Qg7 32. Qxa6 Re8 33. Qb5 Bh3 34. Qd5+
Be6 35. Qxe5 Qf7 36. Kg2 Bh3+ 37. Kxh3 Rxe5 38. Nxe5 Qe6+ 39. Ng4 h5 40. f3
hxg4+ 41. fxg4 Bb4 42. a5 Bc3 43. Ra4 Qa6 44. e5 Qb5 45. Rc4 Qxa5 46. e6 Kf8
47. Rc8+ Ke7 48. Ra8 Qe5 49. Ra7+ Kxe6 50. Ra6+ Kd7 51. Rb6 Kc7 52. Rb1 Qe2 53.
Rb7+ Kd8 54. Rb8+ Kd7 55. Rb7+ 1/2-1/2

[Event "Gatineau CEH op"]
[Site "Gatineau CAN"]
[Date "2010.02.23"]
[Round "7"]
[White "Groleau, Gilles"]
[Black "Lacourse, Guy"]
[Result "1-0"]
[WhiteElo "2022"]
[BlackElo "1676"]
[PlyCount "25"]
[EventDate "2010.01.12"]
[EventType "swiss"]
[EventRounds "7"]
[EventCountry "CAN"]
[Source "ChessBase"]
[SourceDate "2011.11.26"]

1. e4 c5 2. Nc3 Nc6 3. f4 g6 4. Nf3 Bg7 5. a3 e6 6. b4 cxb4 7. axb4 d6 8. b5
Nb8 9. Bb2 Ne7 10. Be2 b6 11. O-O Bb7 12. Na4 Nd7 13. Bxg7 1-0

[Event "Gatineau CEH op"]
[Site "Gatineau CAN"]
[Date "2010.02.23"]
[Round "7"]
[White "Libersan, Mattieu"]
[Black "Desjardins, Michel"]
[Result "0-1"]
[WhiteElo "1779"]
[BlackElo "1959"]
[PlyCount "104"]
[EventDate "2010.01.12"]
[EventType "swiss"]
[EventRounds "7"]
[EventCountry "CAN"]
[Source "ChessBase"]
[SourceDate "2011.11.26"]

1. e4 d5 2. exd5 Qxd5 3. Nc3 Qd6 4. d4 Nf6 5. Nf3 a6 6. g3 Bg4 7. Bg2 Nc6 8.
O-O O-O-O 9. d5 Ne5 10. Bf4 Bxf3 11. Bxf3 Nxf3+ 12. Qxf3 e5 13. dxe6 Qxe6 14.
Rfe1 Qf5 15. Re5 Qh3 16. b4 Ng4 17. Ra5 Qxh2+ 18. Kf1 Qxf2+ 19. Qxf2 Nxf2 20.
Rb1 Nh3 21. b5 axb5 22. Nxb5 Nxf4 23. gxf4 Kb8 24. Na7 Rd6 25. Re1 Re6 26. Rb1
Be7 27. f5 Rh6 28. Rb3 Rd8 29. Nb5 Rd5 30. Ra8+ Kxa8 31. Nxc7+ Kb8 32. Nxd5 Bc5
33. Rg3 Bd4 34. Rd3 Be5 35. Re3 f6 36. Nb6 Kc7 37. Nc4 Bd6 38. Nxd6 Kxd6 39.
Re6+ Kd7 40. Rb6 Kc8 41. Re6 Rh5 42. Re8+ Kd7 43. Rb8 Rxf5+ 44. Ke2 Kc7 45. Rg8
Rg5 46. Ke3 Kb6 47. Rb8 h5 48. Kd3 g6 49. Rf8 f5 50. Kd4 h4 51. c4 Ka7 52. c5
h3 0-1

[Event "Gatineau CEH op"]
[Site "Gatineau CAN"]
[Date "2010.02.23"]
[Round "7"]
[White "MacIsaac, Alexandre"]
[Black "Scantland, Patrick"]
[Result "1-0"]
[WhiteElo "1516"]
[BlackElo "1759"]
[PlyCount "127"]
[EventDate "2010.01.12"]
[EventType "swiss"]
[EventRounds "7"]
[EventCountry "CAN"]
[Source "ChessBase"]
[SourceDate "2011.11.26"]

1. e4 c5 2. Nf3 d6 3. d4 cxd4 4. Nxd4 Nf6 5. Nc3 a6 6. Be3 e5 7. Nf3 Be7 8. Be2
Qc7 9. O-O b5 10. a3 Bb7 11. Qd3 Nbd7 12. Rfd1 O-O 13. Rac1 Rab8 14. Nd2 Rfc8
15. f3 Nb6 16. Kh1 Nc4 17. Nxc4 bxc4 18. Qd2 d5 19. exd5 Nxd5 20. Nxd5 Bxd5 21.
Qc3 Bf6 22. Qb4 Rd8 23. Qc5 Qxc5 24. Bxc5 Rxb2 25. Bb4 h5 26. Ba5 Rd7 27. Bxc4
Bc6 28. Rxd7 Bxd7 29. Bxa6 Bc6 30. Bd3 g6 31. Bc3 Rb8 32. f4 Re8 33. Bxe5 Bxe5
34. fxe5 Rxe5 35. Kg1 Ba4 36. Rb1 Rc5 37. Rb4 Bxc2 38. Rc4 Rxc4 39. Bxc4 Ba4
40. Kf2 Kf8 41. Ke3 Ke7 42. Kd4 h4 43. Kc5 f5 44. Bb5 Bd1 45. a4 Kd8 46. a5 Kc7
47. Bd3 Kb7 48. Kd6 Bh5 49. a6+ Kb6 50. Ke5 Bd1 51. Kf4 Ba4 52. Be2 Bc6 53. Bf3
Be8 54. Be2 Bc6 55. Bf1 Kc5 56. Kg5 Be8 57. Kxh4 Kd5 58. Kg5 Ke5 59. Be2 Kd6
60. Bf3 Bc6 61. Bxc6 Kxc6 62. Kxg6 Kb6 63. Kxf5 Kxa6 64. h4 1-0

[Event "Gatineau CEH op"]
[Site "Gatineau CAN"]
[Date "2010.02.23"]
[Round "7"]
[White "Menard, Marc"]
[Black "Beland, Guy"]
[Result "1-0"]
[WhiteElo "1576"]
[BlackElo "1408"]
[PlyCount "65"]
[EventDate "2010.01.12"]
[EventType "swiss"]
[EventRounds "7"]
[EventCountry "CAN"]
[Source "ChessBase"]
[SourceDate "2011.11.26"]

1. e4 c6 2. d4 d5 3. Nc3 e6 4. Nf3 Nd7 5. g3 Be7 6. Bg2 dxe4 7. Nxe4 Ngf6 8.
Nc3 Nd5 9. O-O O-O 10. Re1 c5 11. Ne2 e5 12. Nxe5 Nxe5 13. dxe5 Be6 14. Nf4
Nxf4 15. Bxf4 Qb6 16. b3 Rad8 17. Qc1 Bd5 18. c4 Bxg2 19. Kxg2 Qc6+ 20. Kg1 Rd4
21. Bg5 Qe6 22. Bxe7 Qxe7 23. Qc2 Qe6 24. Rad1 Rfd8 25. f4 Qg4 26. Rxd4 Rxd4
27. Qe2 Qe6 28. Rd1 f5 29. Rxd4 cxd4 30. Qd3 Qb6 31. Kf1 Kf7 32. Qxf5+ Ke7 33.
Qxh7 1-0

[Event "Gatineau CEH op"]
[Site "Gatineau CAN"]
[Date "2010.02.23"]
[Round "7"]
[White "Sabourin, Yves"]
[Black "Rainey, Ivan"]
[Result "1-0"]
[WhiteElo "1387"]
[BlackElo "1405"]
[PlyCount "49"]
[EventDate "2010.01.12"]
[EventType "swiss"]
[EventRounds "7"]
[EventCountry "CAN"]
[Source "ChessBase"]
[SourceDate "2011.11.26"]

1. d4 Nf6 2. c4 g6 3. Nc3 Bg7 4. e4 d6 5. Nf3 O-O 6. Be2 e5 7. d5 a5 8. O-O Na6
9. h3 Nh5 10. Be3 f5 11. exf5 gxf5 12. Nxe5 Bxe5 13. Bxh5 f4 14. Bd4 Qg5 15.
Bg4 Bxd4 16. Bxc8 f3 17. Be6+ Kh8 18. Qxd4+ Rf6 19. Qg4 Qh6 20. g3 Nc5 21. Rfe1
Nxe6 22. Rxe6 Rg8 23. Qd4 Rxg3+ 24. fxg3 f2+ 25. Kg2 1-0

[Event "Gatineau LEO-A"]
[Site "Gatineau CAN"]
[Date "2010.04.13"]
[Round "1"]
[White "Gagnon, Fabien"]
[Black "Brousseau, Yvan"]
[Result "0-1"]
[WhiteElo "1958"]
[BlackElo "1959"]
[PlyCount "106"]
[EventDate "2010.04.13"]
[EventType "tourn"]
[EventRounds "6"]
[EventCountry "CAN"]
[Source "ChessBase"]
[SourceDate "2011.11.26"]

1. d4 Nf6 2. Nf3 e6 3. e3 b6 4. Nbd2 Bb7 5. Bd3 d5 6. Ne5 Nbd7 7. f4 c5 8. c3
a6 9. Qf3 Qc7 10. O-O Be7 11. g4 g6 12. g5 Nh5 13. Qh3 Nxe5 14. dxe5 O-O-O 15.
Nf3 h6 16. Qg4 hxg5 17. fxg5 Ng7 18. Bd2 Rh5 19. Rad1 Rdh8 20. Rf2 Nf5 21. e4
Nh4 22. exd5 Bxd5 23. Be4 Nxf3+ 24. Qxf3 Qxe5 25. Bxd5 Qxd5 26. Qxd5 exd5 27.
Bf4 Bxg5 28. Rxd5 Bxf4 29. Rxh5 Rxh5 30. Rxf4 f5 31. Kg2 Kd7 32. b4 Kd6 33. Rf1
Rh4 34. Rd1+ Kc6 35. a3 Re4 36. Kf3 a5 37. bxa5 bxa5 38. Rg1 Re6 39. c4 a4 40.
Rg5 Kd6 41. h4 Ke5 42. h5 gxh5 43. Rxh5 Rb6 44. Rh8 Rb3+ 45. Kf2 Rxa3 46. Rc8
Kd4 47. Rf8 Rc3 48. Rxf5 Kxc4 49. Ke2 a3 50. Rf8 a2 51. Ra8 Kb3 52. Kd2 Rc2+
53. Kd1 Rh2 0-1

[Event "Gatineau LEO-A"]
[Site "Gatineau CAN"]
[Date "2010.04.14"]
[Round "1"]
[White "Groleau, Gilles"]
[Black "Desjardins, Michel"]
[Result "1/2-1/2"]
[WhiteElo "1970"]
[BlackElo "2001"]
[PlyCount "28"]
[EventDate "2010.04.13"]
[EventType "tourn"]
[EventRounds "6"]
[EventCountry "CAN"]
[Source "ChessBase"]
[SourceDate "2011.11.26"]

1. e4 d5 2. exd5 Qxd5 3. Nc3 Qd6 4. Nf3 Nf6 5. g3 Bg4 6. Bg2 Nc6 7. d3 Nd4 8.
Be3 e5 9. O-O O-O-O 10. Bxd4 exd4 11. Ne4 Nxe4 12. dxe4 f6 13. Qd3 Bxf3 14.
Bxf3 g5 1/2-1/2

[Event "Gatineau LEO-A"]
[Site "Gatineau CAN"]
[Date "2010.04.20"]
[Round "2"]
[White "Brousseau, Yvan"]
[Black "Desjardins, Michel"]
[Result "1-0"]
[WhiteElo "1959"]
[BlackElo "2001"]
[PlyCount "103"]
[EventDate "2010.04.13"]
[EventType "tourn"]
[EventRounds "6"]
[EventCountry "CAN"]
[Source "ChessBase"]
[SourceDate "2011.11.26"]

1. d4 d5 2. c4 c6 3. Nc3 dxc4 4. a4 e5 5. dxe5 Qxd1+ 6. Kxd1 Na6 7. e4 Be6 8.
Be3 O-O-O+ 9. Kc1 Bc5 10. Bxc5 Nxc5 11. Kc2 Ne7 12. f4 Nxe4 13. Nxe4 Bf5 14.
Re1 Rd4 15. Nf3 Rxe4 16. Rxe4 Bxe4+ 17. Kc3 Bxf3 18. gxf3 b5 19. axb5 cxb5 20.
Bh3+ Kc7 21. Ra1 Nc6 22. Bf5 Kb6 23. Be4 Rc8 24. Bd5 Rc7 25. Rg1 g6 26. h4 b4+
27. Kc2 Kc5 28. Be4 Nd4+ 29. Kd2 Nb3+ 30. Kc2 Nd4+ 31. Kd2 a5 32. h5 a4 33.
hxg6 hxg6 34. Rg2 Nb5 35. e6 fxe6 36. Rg5+ Kb6 37. Rxg6 c3+ 38. bxc3 bxc3+ 39.
Kc1 Nd4 40. f5 Rh7 41. f4 a3 42. Kb1 Rh2 43. Rxe6+ Kc5 44. Ra6 Rb2+ 45. Kc1 a2
46. f6 Nb3+ 47. Kd1 Rb1+ 48. Kc2 Rc1+ 49. Kxb3 a1=Q 50. Rxa1 Rxa1 51. f7 c2 52.
f8=Q+ 1-0

[Event "Gatineau LEO-A"]
[Site "Gatineau CAN"]
[Date "2010.04.20"]
[Round "2"]
[White "Gagnon, Fabien"]
[Black "Groleau, Gilles"]
[Result "1-0"]
[WhiteElo "1958"]
[BlackElo "1970"]
[PlyCount "79"]
[EventDate "2010.04.13"]
[EventType "tourn"]
[EventRounds "6"]
[EventCountry "CAN"]
[Source "ChessBase"]
[SourceDate "2011.11.26"]

1. e4 c5 2. Nf3 e6 3. d4 cxd4 4. Nxd4 a6 5. Nc3 Nc6 6. Be3 Qc7 7. Qd2 b5 8.
O-O-O Bb7 9. Bf4 Qc8 10. f3 Bc5 11. Nb3 Ba7 12. Bxb5 Nge7 13. Bxc6 Nxc6 14. Bd6
Qd8 15. Nc5 Bc8 16. e5 Bxc5 17. Bxc5 Nxe5 18. Qd6 f6 19. Rhe1 Kf7 20. f4 Nc4
21. Qd4 d5 22. b3 Nd6 23. g4 Nb5 24. Nxb5 axb5 25. a3 Bb7 26. h4 Re8 27. Qd3
Qc7 28. Qxb5 Qxf4+ 29. Kb2 Qc7 30. Bb4 Rac8 31. Qd3 Kg8 32. g5 fxg5 33. hxg5 e5
34. g6 h6 35. Rf1 Qc6 36. Rf7 Re6 37. Rdf1 Rxg6 38. Rxb7 Rg2 39. Rc7 Rxc2+ 40.
Qxc2 1-0

[Event "Gatineau LEO-A"]
[Site "Gatineau CAN"]
[Date "2010.04.27"]
[Round "3"]
[White "Desjardins, Michel"]
[Black "Gagnon, Fabien"]
[Result "1/2-1/2"]
[WhiteElo "2001"]
[BlackElo "1958"]
[PlyCount "61"]
[EventDate "2010.04.13"]
[EventType "tourn"]
[EventRounds "6"]
[EventCountry "CAN"]
[Source "ChessBase"]
[SourceDate "2011.11.26"]

1. e4 c5 2. Nc3 a6 3. g3 b5 4. Bg2 Bb7 5. d3 e6 6. Be3 Nf6 7. Nge2 d5 8. exd5
Nxd5 9. Nxd5 Bxd5 10. Bxd5 Qxd5 11. O-O Nd7 12. Nc3 Qc6 13. f4 Be7 14. Qf3 Rc8
15. Ne4 O-O 16. f5 exf5 17. Qxf5 g6 18. Qh3 f5 19. Ng5 h5 20. Nf3 Bf6 21. c3
Rfe8 22. Rae1 Qd5 23. d4 cxd4 24. Nxd4 Bxd4 25. Bxd4 Qxa2 26. Qg2 Qc4 27. Qd2
Kh7 28. Qg5 Qf7 29. g4 Rxe1 30. Rxe1 Re8 31. Rxe8 1/2-1/2

[Event "Gatineau LEO-A"]
[Site "Gatineau CAN"]
[Date "2010.04.27"]
[Round "3"]
[White "Groleau, Gilles"]
[Black "Brousseau, Yvan"]
[Result "1-0"]
[WhiteElo "1970"]
[BlackElo "1959"]
[PlyCount "71"]
[EventDate "2010.04.13"]
[EventType "tourn"]
[EventRounds "6"]
[EventCountry "CAN"]
[Source "ChessBase"]
[SourceDate "2011.11.26"]

1. e4 g6 2. d4 Bg7 3. Nf3 d6 4. Be2 Nf6 5. Nc3 O-O 6. O-O Nbd7 7. e5 Ne8 8. Bf4
Nb6 9. a4 a5 10. Re1 dxe5 11. Nxe5 Nf6 12. Qd2 c6 13. Rad1 Nfd5 14. Nxd5 cxd5
15. b3 Be6 16. Bh6 Rc8 17. Bxg7 Kxg7 18. Qxa5 Rxc2 19. Rc1 Rxc1 20. Rxc1 Qd6
21. Rc5 Ra8 22. Qc3 f6 23. Nd3 Bd7 24. a5 Nc8 25. Bf3 Bc6 26. Nb4 Na7 27. Nxd5
Nb5 28. Qb4 Bxd5 29. Bxd5 Nc7 30. Qxb7 Nxd5 31. Qxa8 Nf4 32. Qe4 e5 33. Rc6 Qa3
34. h3 Qxa5 35. dxe5 fxe5 36. b4 1-0

[Event "Gatineau LEO-A"]
[Site "Gatineau CAN"]
[Date "2010.05.04"]
[Round "4"]
[White "Brousseau, Yvan"]
[Black "Gagnon, Fabien"]
[Result "1-0"]
[WhiteElo "1959"]
[BlackElo "1958"]
[PlyCount "65"]
[EventDate "2010.04.13"]
[EventType "tourn"]
[EventRounds "6"]
[EventCountry "CAN"]
[Source "ChessBase"]
[SourceDate "2011.11.26"]

1. b3 e5 2. Bb2 Nc6 3. c4 Nf6 4. e3 d5 5. cxd5 Nxd5 6. a3 Be6 7. Bb5 Bd6 8. Nf3
f6 9. Qc2 Bd7 10. d4 Qe7 11. dxe5 Nxe5 12. Bxd7+ Nxd7 13. Nbd2 c6 14. O-O O-O
15. Nc4 Bc7 16. Rad1 Kh8 17. Rd4 Rfe8 18. Rh4 Nf8 19. Nd4 Qf7 20. Nf3 Qg6 21.
Rc1 Rad8 22. h3 Ne7 23. Qc3 Rd3 24. Qc2 Red8 25. Nd4 R3xd4 26. Rxd4 Qh6 27.
Rxd8 Bxd8 28. Nd6 Qh5 29. Nxb7 Bc7 30. Qc5 Qf7 31. Qc4 Qe8 32. Rd1 Nd5 33. Rxd5
1-0